| 000 | 00589nam a2200205 4500 | ||
|---|---|---|---|
| 003 | OSt | ||
| 005 | 20240724074813.0 | ||
| 006 | a | ||
| 008 | 240724b |||||||| |||| 00| 0 eng d | ||
| 020 | _a9781848372924 | ||
| 040 |
_aDWCL-Main lib. _cOC |
||
| 082 | _aCirc. 808.85 G787 2009 | ||
| 100 | _aEdward Humphreys | ||
| 245 | _aGreat speeches : words that shaped the world. / | ||
| 260 |
_aLondon : _bArcturos pub. limited, _cc2009. |
||
| 300 |
_b208 p. : ill. ; _c26 cm. |
||
| 504 | _aIncludes bibliographical references. | ||
| 650 | _a1. Speeches. | ||
| 942 |
_2ddc _n0 _cBK-CIRC _kCirc. |
||
| 999 |
_c2678 _d2678 |
||